000 00385nam a2200133Ia 4500
005 20260328101443.0
008 260328s9999||||xx |||||||||||||| ||und||
100 _aBloomer, Kent C.
245 0 _aCuerpo, Memoria y Arquitectura :
_b Introcucción al Diseño arquitectónico /
_cKent C. Bloomer
260 _bBlume
300 _a159 p.
650 _aARQUITECTURA - ELEMENTOS
942 _cBK
999 _c8351
_d8351